Precise spectral asymptotics for elliptic operators acting in fiberings over manifolds with boundary
Αποθηκεύτηκε σε:
| Κύριος συγγραφέας: | |
|---|---|
| Μορφή: | Βιβλίο |
| Γλώσσα: | English |
| Δημοσίευση: |
Berlin :
Springel-Verlag,
1984
|
| Σειρά: | Lecture notes in mathematics (Springer-Verlag)
; 1100 |
| Θέματα: | |
| Ετικέτες: |
Προσθήκη ετικέτας
Δεν υπάρχουν, Καταχωρήστε ετικέτα πρώτοι!
|
MARC
| LEADER | 00000nam a2200000 i 4500 | ||
|---|---|---|---|
| 001 | 1/61609 | ||
| 008 | 941103s1984 eng d | ||
| 020 | |a 3-540-13361-5 | ||
| 035 | |a 1993 |l 10046465 | ||
| 040 | |a GR-MY-UA |b gre |e aacr | ||
| 041 | 0 | |a eng | |
| 082 | 0 | |a 515.7242 | |
| 100 | 1 | |a Ivrii, Victor |d 1949- | |
| 245 | 1 | 0 | |a Precise spectral asymptotics for elliptic operators acting in fiberings over manifolds with boundary / |c Victor Ivrii |
| 260 | |a Berlin : |b Springel-Verlag, |c 1984 | ||
| 300 | |a v, 238 p.; |c 25 cm. | ||
| 490 | 1 | |a Lecture notes in mathematics (Springer-Verlag) |v ; 1100 | |
| 500 | |a Includes bibliographical references | ||
| 650 | 0 | 0 | |a Elliptic operators. |
| 650 | 0 | 0 | |a Eigenvalues. |
| 650 | 0 | 0 | |a Asymptotic expansions. |
| 650 | 0 | 0 | |a Spectral theory (Mathematics) |
| 650 | 0 | 0 | |a Initial value problems. |
| 650 | 0 | 0 | |a Boundary value problems. |
| 650 | 0 | 0 | |a Fiberings (Mathematics) |
| 830 | 0 | |a Lecture notes in mathematics (Springer-Verlag) |v ; 1100 | |
| 852 | |a INST |b SAMOS |e 19941103 |h 515.7242 IVR |p 005300006998 |q 005300006998 |t BK |y 0 | ||
| 909 | |a Σ |b 028966 | ||